000 00878cab a2200325 4500
001 ABS55145
008 090401t1996 xxu||||| |||| 00| 0 eng d
035 _a(Sirsi) u14505
041 _aeng
245 _aFocus `96: M40 property markets
260 _c1996
350 _a0
490 _aEstates Gazette
_v(9619) 11 May 1996, 65-99(13)
650 _aBANBURY
650 _aBICESTER
650 _aHIGH WYCOMBE
650 _aLEAMINGTON SPA
650 _aM40 CORRIDOR
650 _aOFFICE DEVELOPMENT
650 _aPROPERTY-COMMERCIAL PROPERTY-OFFICE PROPERTY-OFFICE PROPERTY MARKET
650 _aOXFORD
650 _aOXFORDSHIRE
650 _aRETAIL DEVELOPMENT
650 _aSTRATFORD-UPON-AVON
650 _aUXBRIDGE
650 _aWARWICKSHIRE
690 _aPROPERTY-COMMERCIAL PROPERTY-COMMERCIAL PROPERTY MARKET
942 _n0
948 _c04/03/1997
999 _c9457
_d9457